MDQL
is popping MORE tags! Check the
thread
!
Quizzes
Events
Quiz Creation
Community
Videos
Private Events
Remove Ads
Sign In
Join for FREE
Feedback
Dark Mode
Quiz Categories
Sports
Geography
Music
Movies
Television
Just For Fun
Miscellaneous
History
Literature
Language
Science
Gaming
Entertainment
Religion
Holiday
For Kids
Quiz Lab
Recent
Popular Today
Quiz Kudos Today
Editor Picks
Curator Picks
Quizzes by...
Day
Popularity
Type
Ratings
Length
Year
Community
Subscriptions
Recent Discussions
Orange Saloon
Badges
Playlists
Quests
Create
Leaderboards
Showdown
Live 5
Trivia Bingo
Activity
Puzzle Library
Sporcle Events
Private Events
Virtual Trivia
Globe League
Become a Host
Pub Owners
SporcleCon
Opinionation
Our Games
Videos
Blog
Mobile Apps
Partnerships
Remove Ads and Go Orange
Feedback
Television
TV Characters
TV Show
Sitcom
Network
Friends
Reality Shows
Cast
South Park
Star Trek
The Simpsons
Doctor Who
Television
TV Characters
TV Show
Sitcom
Network
Friends
Reality Shows
Cast
South Park
Star Trek
The Simpsons
Doctor Who
Random Quiz
Search Sporcle
×
Quiz Lab
Quiz Lab
Television
Character
Type in answers that appear in a list
Type in answers that appear in a list
Classic
Best Score? Go Orange.
YU-GI-OH ALL CHARACTERS Stats
Can you name the YU-GI-OH ALL CHARACTER?
By
msariobros
20m
24 Questions
642 Plays
642 Plays
642 Plays
Comments
Comments
Give Quiz Kudos
Give Quiz Kudos
-
- Ratings
hide this ad
Random Order
Randomize order of answers
Randomize order of answers
Replay
Link that replays current quiz
Next Quiz
Link to next quiz in quiz playlist
You Got
0%
They Got
Avg Score
24%
Avg Friend Score
Upgrade to see
Score Distribution
Jump to the score distribution portion of the page
Score
0/24
Timer
20:00
0
Plays Today
% Correct
SETO KAIBA
80.7%
YUGI MOTO
79.6%
JOEY WHEELER
76.8%
MOKUBA KAIBA
64%
TRISTAN
57.5%
MAXIMILIAN PEGASUS
51.9%
MAI
48.8%
REX
32.6%
WEEVIL
29.3%
JADEN YUKI
16%
PHARAOH
8.3%
CHAZZ PRINCETON
6.7%
% Correct
ALEXIS RHODES
6.5%
SYRUS TRUSDALE
5.6%
ZANE TRUSDALE
5.6%
BASTION MISAWA
3.3%
ASTER PHOENIX
2.6%
JESSE ANDERSON
2.5%
SARTORIUS
2.2%
TYRANNO HASSELBERRY
1.9%
JIN
1.9%
AXEL BRODY
1.6%
ADRIAN GECKO
1.4%
CRAWLER
0.9%
Quiz Playlist
Details
Report
Send in Message
Add To Playlist
Classic:
Type in answers that appear in a list
Random Order:
Randomize order of answers
Last Updated: Feb 16, 2017
Quiz Scoreboard
CHALLENGE
Sign Up to Join the Scoreboard
Show All
Scores
Hide
Comments
May contain spoilers
Recently Published
Holiday 10x10 Sorting Gallery
by lukepisani3
Holiday
15m
Two Season TV Shows II
by 123Four
Television
10m
Image Sorting: Flags VI
by Barbecue
Geography
2m
More to Explore
Quiz From the Vault
Featured Blog Post
14 Easter Pick-up Lines to Find Eggs With
hide this ad
You Might Also Like...
Tags
Character
Yu-Gi-Oh
Today's Top Quizzes in Television
Browse Television
hide this ad
Today's Top Quizzes in Character
Browse Character
Top Contributed Quizzes in Television
1
Survivor Journey Challenge
2
Even More Two Season TV Shows
3
Adjectives in 00s TV Shows
4
Even More Three Season TV Shows
5
Survivor Logic Puzzle: Heroes vs. Villains
6
Adjectives in 10s TV Shows
7
One Season TV Shows
8
One Piece Logic Puzzle
9
Brooklyn Nine Nine Logic Puzzle (How-To-Play)
10
Click the SpongeBob Episodes (Season 3)
Explore More
Trending Topics
Crossword
Anime
Marvel
Kpop
NBA
Harry Potter
Disney
WWE
Pokémon
Soccer
NFL
Puzzle
The Office
Song
Country
hide this ad
More By:
msariobros
Quiz
Plays
Rating
Category
Featured
Created
Jogadores de Futebol por time
1,771
1.00
Miscellaneous
Nov 6, 2010
YU-GI-OH ALL CHARACTERS
642
1.00
Television
Dec 1, 2010
PERSONAGENS DO ANIME NARUTO
615
1.00
Gaming
Dec 1, 2010
FILMES POR PERSONAGEM
260
1.00
Movies
Nov 14, 2010
VENCEDORES DO BBB
176
2.33
Television
Nov 14, 2010
Go to Creator's Profile
Score Distribution
Quiz Creator Spotlight
msariobros
Follow
Send a Message
Quizzes Created
-
Created Quiz Play Count
-
More By This Creator
Popular Quizzes Today
1
Find the US States - No Outlines Minefield
2
Colored Red Africa Blitz
3
Find the 'City' Movie
4
The Countries of the World
5
5x2 Blitz: Bands
6
Find the US States
7
Find the Countries of Europe - No Outlines Minefield
8
US States
More Television Quizzes
TV Debuts: 2002
Published
Trending Quizzes
Colored Red Europe Blitz I
Colored Red Europe Blitz II
Colored Red Africa Blitz II
Colored Red Europe Blitz III
Colored Red Africa Blitz III
Recently Updated
Odd Team Out - Big 4 Players
pecheneg
Quick Pick: 20 Twenties
pecheneg
March Madness Men's Triple Doubles
pecheneg
How Do You Spell That?
pecheneg
Godzilla Movies
pecheneg
Grab Bag: 4-10 Letters
pecheneg
2024 March Madness Bracket
pecheneg
Famous TV Couples
Peacemaker
Champions League XIs: Real Madrid
pecheneg
Largest US Cities 1790-2010
pecheneg
Trending Topics
Kpop
Anime
Marvel
Crossword
Disney
Harry Potter
NBA
Soccer
Country
NFL
The Office
Puzzle
WWE
Song
Pokémon
Your Account Isn't Verified!
In order to create a playlist on Sporcle, you need to verify the email address you used during registration. Go to your
Sporcle Settings
to finish the process.
Report this User
Report this user for behavior that violates our
Community Guidelines
.
Details:
Send Report
Go to the Sporcle.com Mobile Site →
Comments